00201nam a22000737a 4500008004100000082001200041100002900053245004500082240220b |||||||| |||| 00| 0 eng d aCbALVC10aAlvarez, Rosanelaeautor a¿Cómo es tu mamá?cRosanela Alvarez